Szczegóły MARC21

Typologia przedsiębiorstw /

005 -DATA I CZAS OSTATNIEJ MODYFIKACJI [,]
    • @
    • pole kontrolne
    • 20090130124027.0
020 -Międzynarod. znormalizowany nr książki - ISBN [ , ]
    • a
    • Numer ISBN
    • 9788375561241 Find
040 -Instytucja sporządzająca opis [ , ]
    • a
    • Instytucja, która sporządziła opis (NP)
    • SZCZ U/IJ
    • c
    • Instytucja, która sporządziła rekord (NP)
    • SZCZ U/IJ
    • d
    • Instytucja, która zmodyfikowała rekord (P)
    • SZCZ U/JŚ
041 -Język dokumentu [0, ]
    • a
    • Język tekstu (P)
    • polski
044 -Kraj miejsca wydania [ , ]
    • a
    • Kraj miejsca wydania
    • Polska
942 -Rodzaj dokumentu [ , ]
    • c
    • Rodzaj dokumentu
    • Książka
100 -Hasło główne - nazwa osobowa [1, ]
    • a
    • Nazwa osobowa (NP)
    • Engelhardt, Juliusz.
    • 9
    • KHW
    • 10793
245 -Strefa tytułu i oznaczenia odpowiedzialności [1,0]
    • a
    • Tytuł
    • Typologia przedsiębiorstw / Find
    • c
    • Pozostałe elementy strefy tytułu i oznaczenia odpowiedzialności (NP)
    • Juliusz Engelhardt.
260 -Strefa adresu wydawniczego [ , ]
    • a
    • Miejsce wydania (P)
    • Warszawa :
    • b
    • Nazwa wydawcy (P)
    • CeDeWu,
    • c
    • Data wydania (P)
    • 2009.
300 -Strefa opisu fizycznego [ , ]
    • a
    • Określenie formy książki i/lub objętość (NP)
    • 155 s. ;
    • c
    • Format (NP)
    • 23 cm.
504 -Uwaga dot. bibliogr. załącznikowej [ , ]
    • a
    • Uwaga dot. bibliografii załącznikowej
    • Bibliogr.
080 -Uniwersalna Klasyfikacja Dziesiętna [ , ]
    • 2
    • Identyfikator wydania tablic
    • UDC-P058
    • a
    • Symbol klasyfikacji
    • 658.11
    • b
    • Dopowiedzenie
    • Formy i rodzaje przedsiębiorstw.
980 -Symbol UKD [ , ]
    • a
    • UKD
    • 658.11
920 -ISBN [ , ]
    • a
    • ISBN
    • 978-83-7556-124-1 Find
Data inwentaryzacji Lokalizacja Numer inwentarzowy Sygnatura Status udost.
2009-01-14TT.10341T.10341-2
2009-01-14TTM.6178 -3
2009-01-14TTM.6179 -3
2009-01-14TTM.6180 -3
2009-01-14TTM.6181 -3
2009-01-14TTM.6182 -3
2009-01-14TTM.6183 -3
2009-01-14TTM.6184 -3
2009-01-14TTM.6185 -3
2009-01-14TTM.6177 -3
2015-09-25TTM.12638TM.12638-3